Speaking of friendship : middle-class women and their friends /

Bibliographic Details
Main Author: Gouldner, Helen
Other Authors: Strong, Mary Symons
Format: Book
Language:English
Published: New York : Greenwood Press, 1987.
Series:Contributions in women's studies ; no. 80.
Subjects:

MARC

Tag First Indicator Second Indicator Subfields
LEADER 00000cam a2200000 a 4500
001 in00000014644
005 20151007052248.0
008 861027s1987 nyu b 00110 eng
010 |a  86029407  
020 |a 0313250685 (lib. bdg. : alk. paper) 
035 |a (OCoLC)14718926 
035 |9 AAA7017AM 
040 |a DLC  |c DLC  |d UtOrBLW 
043 |a n-us--- 
049 |a TXAM  |c [A12605300] 
050 0 0 |a HQ1206  |b .G73 1987 
082 0 |a 305.4/2  |2 19 
100 1 |a Gouldner, Helen. 
245 1 0 |a Speaking of friendship :  |b middle-class women and their friends /  |c Helen Gouldner and Mary Symons Strong. 
264 1 |a New York :  |b Greenwood Press,  |c 1987. 
300 |a 185 pages ;  |c 22 cm. 
336 |a text  |b txt  |2 rdacontent 
337 |a unmediated  |b n  |2 rdamedia 
338 |a volume  |b nc  |2 rdacarrier 
490 1 |a Contributions in women's studies,  |x 0147-104X ;  |v no. 80 
504 |a Bibliography: pages [167]-176. 
500 |a Includes index. 
650 0 |a Women  |x Psychology. 
650 0 |a Middle class women  |z United States  |x Psychology. 
650 0 |a Friendship  |z United States. 
650 0 |a Interpersonal relations. 
700 1 |a Strong, Mary Symons. 
830 0 |a Contributions in women's studies ;  |v no. 80. 
999 |a MARS 
999 f f |s 9b417ae1-e976-3838-9ad3-f4046cdddb28  |i f89f5b8f-dfb2-3a7b-a2ff-c26ce65ac457  |t 0 
952 f f |p ric  |a Texas A&M University  |b Rellis Campus  |c Joint Library Facility  |d Remote Storage  |t 0  |e HQ1206 .G73 1987  |h Library of Congress classification  |i unmediated -- volume  |m A14812605300 
998 f f |a HQ1206 .G73 1987  |t 0  |l Remote Storage